Giáo trình nhện nhỏ hại cây trồng
Giáo trình cung cấp thông tin cơ bản về nhện nhỏ hại cây và biện pháp phòng chống chúng trên thế giới cũng như ở nước ta.
Salvato in:
| Autore principale: | |
|---|---|
| Natura: | Libro |
| Lingua: | Undetermined |
| Pubblicazione: |
Hà Nội
Đại học Nông nghiệp
2004
|
| Soggetti: | |
| Tags: |
Aggiungi Tag
Nessun Tag, puoi essere il primo ad aggiungerne! !
|
| Thư viện lưu trữ: | Trung tâm Học liệu Trường Đại học Cần Thơ |
|---|
| LEADER | 00823nam a2200217Ia 4500 | ||
|---|---|---|---|
| 001 | CTU_111052 | ||
| 008 | 210402s9999 xx 000 0 und d | ||
| 020 | |c 38000 | ||
| 082 | |a 632.3 | ||
| 082 | |b Đ312 | ||
| 100 | |a Nguyễn, Văn Đĩnh | ||
| 245 | 0 | |a Giáo trình nhện nhỏ hại cây trồng | |
| 245 | 0 | |c PGS. TS. Nguyễn Văn Đĩnh | |
| 260 | |a Hà Nội | ||
| 260 | |b Đại học Nông nghiệp | ||
| 260 | |c 2004 | ||
| 520 | |a Giáo trình cung cấp thông tin cơ bản về nhện nhỏ hại cây và biện pháp phòng chống chúng trên thế giới cũng như ở nước ta. | ||
| 650 | |a Plants,Plant diseases | ||
| 650 | |x Diseases and pest resistance | ||
| 904 | |i Tuyến | ||
| 980 | |a Trung tâm Học liệu Trường Đại học Cần Thơ | ||